000
00276nam a22000977a 4500
082
_a
823
_b
KEE/N
100
_a
KEENE,CAROLYN
245
_a
NANCY DREW-THE LEGEND OF MINORS GREEK
246
_a
NANCY DREW-THE LEGEND OF MINORS GREEK
_b
NANCY DREW-THE LEGEND OF MINORS GREEK
942
_c
BK
999
_c
8310
_d
8310